المعجم الوسيط فى الاعراب

Bibliographic Details
Main Authors: معروف، نايف محمود (Author), جوزو, مصطفى (Author)
Format: Book
Published: Bayrut : Dar al-Nafa'is , 1992
Subjects:

MARC

LEADER 00000cam a2200000 7i4500
001 0000030764
005 20161024093000.0
008 021119s1992
090 0 0 |a PJ6680   |b .M47 1992 
100 0 |a معروف، نايف محمود ,   |e author 
241 2 3 |a al-Mu`jam al-wasit fi al-i`rab 
245 1 2 |a المعجم الوسيط فى الاعراب   |c نايف معروف 
260 2 |a Bayrut :   |b Dar al-Nafa'is ,   |c 1992 
300 |a 352 p. ;   |c 25 cm. 
650 0 |a Arabic language   |x Grammar   |v Dictionaries 
700 0 |a جوزو, مصطفى ,   |e author 
999 |a 1000056937   |b Book   |c OPEN SHELF (30 DAYS)   |e Gong Badak Campus 
999 |a 1000056938   |b Book   |c OPEN SHELF (30 DAYS)   |e Gong Badak Campus